| 000 | 00397nam a22001697a 4500 | ||
|---|---|---|---|
| 005 | 20230606121736.0 | ||
| 008 | 230606b |||||||| |||| 00| 0 eng d | ||
| 020 | _a0619034181 | ||
| 082 |
_a004.22 _bBUR-S |
||
| 100 | _aBurd,Stephen D | ||
| 245 | _aSystem Architecture | ||
| 250 | _a3rd | ||
| 260 |
_aCanada _bThomson _cc2001 |
||
| 300 | _a616 | ||
| 650 | _aComputer Architecture | ||
| 999 |
_c18598 _d18598 |
||